00581nam a22002057a 450000500170000001000130001702000100003003500130004003700160005304000120006908200170008110000180009824501000011626000460021627000350026230000230029750000200032065000150034065000200035520170124110030.0 aA-705132 c00.00 aA-705132 bCen Lib/Ret aDPLbEN a332.532bRAN aRanganathan V aStock exchanges and investment :cby V Ranganathanbstraight answers to 125 nagging questions / aNew DelhibTata Mcgraw hill companyc1994 bNew Delhia4/12, Asaf ali road axx,184p.c20cm(Hb) aIncludes index  aEconomics  aStock exchange